Essentials of human behavior : integrating person, environment, and the life course /

Bibliographic Details
Main Author: Hutchison, Elizabeth D. (Author)
Format: Book
Language:English
Published: Thousand Oaks, California : SAGE Publications, Inc., [2017]
Edition:Second edition.
Subjects:

MARC

Tag First Indicator Second Indicator Subfields
LEADER 00000cam a2200000 i 4500
001 in00003718924
005 20200625145058.0
008 160725t20172017cauab b 001 0 eng
010 |a  2016023305 
020 |a 9781483377728  |q paperback  |q alkaline paper 
020 |a 1483377725  |q paperback  |q alkaline paper 
035 |a (OCoLC)ocn955274649 
040 |a DLC  |e rda  |c DLC  |d UtOrBLW 
049 |a TXAM 
050 0 0 |a HM1033  |b .H87 2017 
082 0 0 |a 302  |2 23 
100 1 |a Hutchison, Elizabeth D.,  |e author.  |0 http://id.loc.gov/authorities/names/n98085519 
245 1 0 |a Essentials of human behavior :  |b integrating person, environment, and the life course /  |c Elizabeth D. Hutchison and contributing authors. 
250 |a Second edition. 
264 1 |a Thousand Oaks, California :  |b SAGE Publications, Inc.,  |c [2017] 
264 4 |c ©2017 
300 |a xxix, 543, 11, 60, 20, 3 pages :  |b color illustrations ;  |c 28 cm. 
336 |a text  |b txt  |2 rdacontent 
337 |a unmediated  |b n  |2 rdamedia 
338 |a volume  |b nc  |2 rdacarrier 
504 |a Includes bibliographical references and index. 
650 0 |a Human behavior.  |0 http://id.loc.gov/authorities/subjects/sh85062839 
650 0 |a Psychology.  |0 http://id.loc.gov/authorities/subjects/sh85108459 
650 0 |a Social psychology.  |0 http://id.loc.gov/authorities/subjects/sh85123994 
650 0 |a Social service.  |0 http://id.loc.gov/authorities/subjects/sh85124049 
945 |b 875393 
947 |a A14813772309 
948 |a cataloged  |b h  |c 2016/12/9  |d c  |e dmitchel  |f 12:50:40 pm 
994 |a 92  |b TXA 
999 f f |s 14ffc56c-b187-33f4-9b03-61862b38d72d  |i a0c491ef-a135-3e48-9fb6-1ff9277ff158  |t 0 
952 f f |p normal  |a Texas A&M University  |b College Station  |c Sterling C. Evans Library  |s Evans stk  |d Evans: Library Stacks  |t 0  |e HM1033 .H87 2017  |h Library of Congress classification  |i unmediated -- volume  |m A14851539248 
998 f f |a HM1033 .H87 2017  |t 0  |l Evans: Library Stacks